[Event "National op"]
[Site "Las Vegas"]
[Date "1996.??.??"]
[Round "?"]
[White "Ivanov, Igor Vasilievich"]
[Black "Balinas, Rosendo Carrean"]
[Result "1-0"]
[WhiteElo "2475"]
[BlackElo "2345"]
[PlyCount "58"]
[EventDate "1996.??.??"]
[EventType "swiss"]
[EventRounds "9"]
[EventCountry "USA"]
[SourceTitle "EXT 2001"]
[Source "ChessBase"]
[SourceDate "2000.11.22"]
[SourceVersion "1"]
[SourceVersionDate "2000.11.22"]
[SourceQuality "1"]

1. d4 Nf6 2. c4 e6 3. Nf3 b6 4. e3 Bb7 5. Bd3 d5 6. 0-0 Nbd7 7. Nc3 Be7 8. Qe2 c5 9. cxd5 exd5 10. e4 dxe4 11. Nxe4 0-0 12. Rd1 Nxe4 13. Bxe4 Bxe4 14. Qxe4 Bf6 15. Be3 Re8 16. Qd5 cxd4 17. Nxd4 Ne5 18. Qb3 Ng4 19. Nf3 Qe7 20. Bf4 Qc5 21. Bg3 Re2 22. Rac1 Qf5 23. Rc7 Nh6 24. h3 Rxb2 25. Rxa7 Rc8 26. Qa4 Qc2 27. Rc7 Qf5 28. Nd4 Bxd4 29. Qxd4 Re2 1-0

[Event "American op"]
[Site "Los Angeles"]
[Date "1995.??.??"]
[Round "7"]
[White "Balinas, Rosendo Carrean"]
[Black "Gufeld, Eduard"]
[Result "0-1"]
[WhiteElo "2340"]
[BlackElo "2435"]
[PlyCount "81"]
[EventDate "1995.11.23"]
[EventType "swiss"]
[EventRounds "8"]
[EventCountry "USA"]
[SourceTitle "EXT 1998"]
[Source "ChessBase"]
[SourceDate "1997.11.17"]
[SourceVersion "1"]
[SourceVersionDate "1997.11.17"]
[SourceQuality "1"]

1. e4 c5 2. Ne2 Nc6 3. Nbc3 g6 4. Nd5 Bg7 5. c3 e6 6. Ndf4 Nf6 7. Qc2 d5 8. Ng3 dxe4 9. Nxe4 Nxe4 10. Qxe4 0-0 11. Bc4 Na5 12. d3 Bd7 13. Qe3 b5 14. Bb3 e5 15. Ne2 Bf5 16. Qxc5 Nxb3 17. axb3 Qxd3 18. Qe3 Qd5 19. 0-0 a5 20. c4 bxc4 21. bxc4 Qxc4 22. Bd2 a4 23. Ng3 Bd3 24. Rfc1 Qd4 25. Qxd4 exd4 26. Rc5 Rfb8 27. Bc1 h5 28. Nf1 Bxf1 29. Kxf1 d3 30. Ra2 Rb4 31. Rd5 Rc8 32. Be3 Rxb2 33. Rxb2 Bxb2 34. Ra5 a3 35. g3 Rc2 36. Ra4 Kf8 37. h4 Ke7 38. Ra7+ Ke6 39. Ra6+ Kd5 40. Ra5+ Kc4 41. Ra7 0-1

[Event "San Francisco op"]
[Site "San Francisco"]
[Date "1995.??.??"]
[Round "?"]
[White "Shaked, Tal"]
[Black "Balinas, Rosendo Carrean"]
[Result "1-0"]
[WhiteElo "2385"]
[BlackElo "2340"]
[PlyCount "57"]
[EventDate "1995.??.??"]
[EventType "game"]
[EventRounds "9"]
[EventCountry "USA"]
[SourceTitle "EXT 1999"]
[Source "ChessBase"]
[SourceDate "1998.11.16"]
[SourceVersion "1"]
[SourceVersionDate "1998.11.16"]
[SourceQuality "1"]

1. e4 c5 2. c3 e5 3. Nf3 Nc6 4. Bc4 Qc7 5. 0-0 d6 6. Ng5 Nh6 7. f4 Be7 8. d3 0-0 9. f5 Kh8 10. Qh5 Bxg5 11. Bxg5 Ng8 12. f6 g6 13. Bh6 Nxh6 14. Qxh6 Rg8 15. Nd2 Bg4 16. Nf3 g5 17. Nxg5 Rxg5 18. Qxg5 Rg8 19. Qh6 Nd8 20. Rae1 b5 21. Bd5 Ne6 22. Bxe6 Bxe6 23. Re3 Rg6 24. Qh4 Bxa2 25. Rh3 h6 26. Rg3 Kh7 27. c4 Qd8 28. Rxg6 fxg6 29. Ra1 1-0

[Event "Philadelphia Int 5th"]
[Site "Philadelphia"]
[Date "1994.06.24"]
[Round "2"]
[White "Balinas, Rosendo Carrean"]
[Black "Alexopoulos, Georgios"]
[Result "0-1"]
[WhiteElo "2350"]
[BlackElo "2260"]
[PlyCount "130"]
[EventDate "1994.06.24"]
[EventType "swiss"]
[EventRounds "9"]
[EventCountry "USA"]
[SourceTitle "EXT 2004"]
[Source "ChessBase"]
[SourceDate "2003.11.25"]
[SourceVersion "1"]
[SourceVersionDate "2003.11.25"]
[SourceQuality "1"]

1. e4 e6 2. d4 d5 3. Nc3 Bb4 4. Bd3 dxe4 5. Bxe4 Nf6 6. Bg5 Nbd7 7. Qf3 c5 8. Bxf6 Qxf6 9. d5 Bxc3+ 10. bxc3 Qxf3 11. Bxf3 Ne5 12. 0-0-0 0-0 13. d6 Rd8 14. Be2 f6 15. Nh3 Bd7 16. Rhe1 Bc6 17. Nf4 Kf7 18. g4 b5 19. Rd2 g5 20. Nh5 Nf3 21. Bxf3 Bxf3 22. h3 Rd7 23. Re3 Bd5 24. f4 gxf4 25. Nxf4 Rxd6 26. c4 bxc4 27. Rf2 Rf8 28. Ra3 a6 29. Ra5 Rc6 30. Rd2 Rd8 31. c3 Ke7 32. Nh5 Rb8 33. Rf2 Rf8 34. Rb2 Kd6 35. Rb7 Be4 36. Kd2 Ke5 37. Ke2 Bg6 38. Ng3 Kf4 39. Kf2 Rd8 40. Ra4 Bd3 41. Ra7 Rdd6 42. Nh5+ Ke5 43. Kg3 Rb6 44. Nf4 Ke4 45. Rxh7 Ke3 46. Re7 Kd2 47. Ra3 e5 48. Nh5 Re6 49. Rc7 Rbc6 50. Rb7 e4 51. Nf4 e3 52. h4 e2 53. Nxe2 Rxe2 54. h5 Re3+ 55. Kf2 Rce6 56. Rb2+ Kc1 57. Rb8 Re2+ 58. Kf3 Kd2 59. Rb2+ Bc2 60. Rxc2+ Kxc2 61. Rxa6 Rxa6 62. Kxe2 Kxc3 63. h6 Kd4 64. h7 Rxa2+ 65. Kf3 Rh2 0-1

[Event "Reno op"]
[Site "Reno"]
[Date "1994.??.??"]
[Round "?"]
[White "Balinas, Rosendo Carrean"]
[Black "Donaldson, John W"]
[Result "0-1"]
[WhiteElo "2350"]
[BlackElo "2425"]
[PlyCount "82"]
[EventDate "1994.??.??"]
[EventType "swiss"]
[EventRounds "9"]
[EventCountry "USA"]
[SourceTitle "EXT 1997"]
[Source "ChessBase"]
[SourceDate "1996.11.15"]
[SourceVersion "1"]
[SourceVersionDate "1996.11.15"]
[SourceQuality "1"]

1. e4 c5 2. Nf3 Nc6 3. d4 cxd4 4. Nxd4 g6 5. Nxc6 bxc6 6. Qd4 Nf6 7. e5 Nd5 8. e6 f6 9. exd7+ Bxd7 10. Bd3 e5 11. Qh4 Bg7 12. 0-0 0-0 13. Rd1 Qc7 14. Bc4 Be6 15. Nc3 Rad8 16. Bh6 g5 17. Qh5 Bf7 18. Bxd5 cxd5 19. Qh3 Bxh6 20. Qxh6 d4 21. Nb5 Qb6 22. a4 Bg6 23. h4 gxh4 24. Na3 Qxb2 25. Rdb1 Qc3 26. Qxh4 Rb8 27. Nb5 Qc5 28. Rc1 a6 29. Na3 Qc3 30. Qg4 Rb6 31. a5 Rc6 32. Qd7 Rf7 33. Qe8+ Kg7 34. Ra2 Rfc7 35. Qb8 d3 36. Nb1 Qc4 37. Rb2 dxc2 38. Na3 Qd3 39. Nxc2 Qd2 40. Rf1 Bxc2 41. Rb7 Qd7 0-1

[Event "Des Moines op"]
[Site "Des Moines"]
[Date "1994.??.??"]
[Round "?"]
[White "Ellis, James S"]
[Black "Balinas, Rosendo Carrean"]
[Result "0-1"]
[WhiteElo "2100"]
[BlackElo "2375"]
[PlyCount "62"]
[EventDate "1994.??.??"]
[EventType "swiss"]
[EventRounds "5"]
[EventCountry "USA"]
[SourceTitle "EXT 2004"]
[Source "ChessBase"]
[SourceDate "2003.11.25"]
[SourceVersion "1"]
[SourceVersionDate "2003.11.25"]
[SourceQuality "1"]

1. e4 e5 2. Nf3 Nc6 3. Bb5 a6 4. Ba4 Nf6 5. 0-0 b5 6. Bb3 Bb7 7. Re1 Bc5 8. c3 0-0 9. d4 Bb6 10. Bg5 Re8 11. a4 h6 12. Bh4 g5 13. Bg3 d6 14. axb5 axb5 15. Rxa8 Qxa8 16. Na3 exd4 17. Nxb5 dxc3 18. Nxc3 Ne5 19. Nd4 Kg7 20. Bc4 Bxd4 21. Qxd4 Bc6 22. Bb3 Qa5 23. h4 Rb8 24. hxg5 hxg5 25. Bxe5 Qxe5 26. Qc4 Be8 27. Ra1 c6 28. Ra7 d5 29. exd5 Qe1+ 30. Kh2 Qxf2 31. Re7 Rxb3 0-1

[Event "CAN-op"]
[Site "Winnipeg"]
[Date "1994.??.??"]
[Round "3"]
[White "Yip, Michael"]
[Black "Balinas, Rosendo Carrean"]
[Result "0-1"]
[WhiteElo "2080"]
[BlackElo "2350"]
[PlyCount "80"]
[EventDate "1994.07.??"]
[EventType "swiss"]
[EventRounds "10"]
[EventCountry "CAN"]
[SourceTitle "EXT 1998"]
[Source "ChessBase"]
[SourceDate "1997.11.17"]
[SourceVersion "1"]
[SourceVersionDate "1997.11.17"]
[SourceQuality "1"]

1. d4 Nf6 2. c4 e6 3. Nf3 b6 4. a3 Bb7 5. Nc3 d5 6. cxd5 exd5 7. g3 g6 8. Bf4 Nh5 9. Bg5 f6 10. Be3 Be7 11. Bg2 0-0 12. 0-0 Re8 13. Rc1 a5 14. Ne1 c6 15. Na4 Nd7 16. Nd3 Ra7 17. Qb3 Bd6 18. Bf3 Ng7 19. Bg4 f5 20. Bf3 Ne6 21. Nf4 Nxf4 22. Bxf4 Bxf4 23. gxf4 Re6 24. e3 Kh8 25. Kh1 Ba6 26. Rg1 Bc4 27. Qc2 Nf6 28. Nc3 Qa8 29. b3 Ba6 30. Na4 Qd8 31. Qb2 Ne4 32. Bxe4 fxe4 33. Rg5 Bc8 34. Nc3 Rg7 35. Rcg1 b5 36. Ne2 h6 37. R5g3 Rf6 38. Qc3 Bf5 39. Qc5 h5 40. Rg5 Bg4 0-1

[Event "New York op"]
[Site "New York"]
[Date "1991.??.??"]
[Round "7"]
[White "Birmingham, Eric"]
[Black "Balinas, Rosendo Carrean"]
[Result "0-1"]
[WhiteElo "2355"]
[BlackElo "2380"]
[PlyCount "72"]
[EventDate "1991.03.??"]
[EventType "swiss"]
[EventRounds "9"]
[EventCountry "USA"]
[SourceTitle "CBM 023"]
[Source "ChessBase"]
[SourceDate "1991.08.01"]
[SourceVersion "1"]
[SourceVersionDate "1991.08.01"]
[SourceQuality "1"]

1. e4 c5 2. Nc3 g6 3. g3 Bg7 4. d3 e6 5. Be3 Qb6 6. Rb1 Nc6 7. Qd2 d6 8. Bg2 Nge7 9. Nge2 Nd4 10. 0-0 0-0 11. Nc1 Bd7 12. Nd1 Ba4 13. c3 Nc2 14. Bg5 f6 15. Bf4 e5 16. Be3 Nxe3 17. Nxe3 Bh6 18. Ne2 Bd7 19. d4 cxd4 20. cxd4 Bb5 21. Rfe1 Bxe2 22. Qxe2 Bxe3 23. Qxe3 exd4 24. Qd3 Nc6 25. Red1 a5 26. a3 Kg7 27. b4 axb4 28. axb4 Ra4 29. b5 Ne5 30. Qb3 Rc4 31. h3 Rfc8 32. Bf1 Rc2 33. Bd3 R2c3 34. Qe6 R8c7 35. Bf1 d3 36. Qd5 Rc2 0-1

[Event "New York op"]
[Site "New York"]
[Date "1991.??.??"]
[Round "3"]
[White "Reyes, Romuel"]
[Black "Balinas, Rosendo Carrean"]
[Result "1-0"]
[WhiteElo "2255"]
[BlackElo "2380"]
[PlyCount "99"]
[EventDate "1991.03.??"]
[EventType "swiss"]
[EventRounds "9"]
[EventCountry "USA"]
[SourceTitle "CBM 023"]
[Source "ChessBase"]
[SourceDate "1991.08.01"]
[SourceVersion "1"]
[SourceVersionDate "1991.08.01"]
[SourceQuality "1"]

1. e4 c5 2. Nf3 d6 3. d4 cxd4 4. Nxd4 Nf6 5. Nc3 a6 6. a4 g6 7. Be2 Bg7 8. 0-0 Nc6 9. Nb3 b6 10. Bg5 h6 11. Bh4 0-0 12. f4 Rb8 13. Kh1 Bd7 14. Bxa6 Ng4 15. Qd2 Nb4 16. Be2 Rc8 17. Bxg4 Bxg4 18. f5 Rc4 19. fxg6 fxg6 20. Nd5 Nc6 21. Ne3 Rxf1+ 22. Rxf1 Be6 23. Nxc4 Bxc4 24. Rd1 Qa8 25. Bf2 Ne5 26. Qe1 Qxa4 27. Nd4 Bf7 28. b3 Qa8 29. Nf3 Ng4 30. Bxb6 Qc6 31. Bg1 Qxc2 32. h3 Ne5 33. Nd4 Qc8 34. Qa5 Qb7 35. Ra1 Kh7 36. Qa8 Qb4 37. Ra7 Bf6 38. Qf8 Qc3 39. Rxe7 Bxe7 40. Qxe7 Qb4 41. Nf3 Qxb3 42. Nxe5 dxe5 43. Qxe5 Qe6 44. Qc7 g5 45. Bd4 Kg6 46. Qd8 Be8 47. Kh2 Bc6 48. Qf8 Qxe4 49. Qf6+ Kh5 50. g4+ 1-0

[Event "Far East Bank op"]
[Site "Manila"]
[Date "1990.06.07"]
[Round "10"]
[White "Young, Angelo"]
[Black "Balinas, Rosendo Carrean"]
[Result "1-0"]
[WhiteElo "2205"]
[BlackElo "2405"]
[PlyCount "43"]
[EventDate "1990.05.28"]
[EventType "swiss"]
[EventRounds "11"]
[EventCountry "PHI"]
[SourceTitle "EXT 2015"]
[Source "ChessBase"]
[SourceDate "2014.11.20"]
[SourceVersion "1"]
[SourceVersionDate "2014.11.20"]
[SourceQuality "1"]

1. d4 Nf6 2. Nf3 d5 3. Bf4 Bg4 4. e3 c5 5. Be2 Nc6 6. 0-0 Bxf3 7. Bxf3 cxd4 8. exd4 Qb6 9. c4 0-0-0 10. Nc3 Qxd4 11. cxd5 Qxf4 12. dxc6 Rxd1 13. cxb7+ Kc7 14. Rfxd1 e6 15. Rd4 Qe5 16. Rc4+ Kb6 17. Rc6+ Ka5 18. a3 Bb4 19. axb4+ Kxb4 20. Ra4+ Kb3 21. Bd1+ Kxb2 22. Ra2+ 1-0

[Event "Kuala Lumpur zt"]
[Site "Kuala Lumpur"]
[Date "1990.??.??"]
[Round "11"]
[White "Abdullah, Mansoor"]
[Black "Balinas, Rosendo Carrean"]
[Result "0-1"]
[WhiteElo "2240"]
[BlackElo "2405"]
[PlyCount "76"]
[EventDate "1990.02.26"]
[EventType "swiss"]
[EventRounds "11"]
[EventCountry "MAS"]
[SourceTitle "EXT 1997"]
[Source "ChessBase"]
[SourceDate "1996.11.15"]
[SourceVersion "1"]
[SourceVersionDate "1996.11.15"]
[SourceQuality "1"]

1. d4 Nf6 2. Nc3 d5 3. Bg5 Bf5 4. Nf3 e6 5. e3 c5 6. Bd3 Bg4 7. h3 Bh5 8. 0-0 cxd4 9. exd4 Be7 10. Nb1 Bxf3 11. Qxf3 Qb6 12. Rd1 Nc6 13. Be3 Qxb2 14. Nd2 Qb6 15. Qg3 Nh5 16. Qf3 g6 17. g4 Ng7 18. Qg3 Rc8 19. Rab1 Qc7 20. Bf4 Qd7 21. Nf3 f6 22. h4 Nb4 23. Bf1 Rxc2 24. a3 Nc6 25. Ne1 Rc4 26. Bxc4 dxc4 27. Qc3 e5 28. dxe5 Qxg4+ 29. Ng2 fxe5 30. Bxe5 0-0 31. Bxg7 Rf3 32. Qe1 Bc5 33. Qe8+ Kxg7 34. Rd7+ Kh6 35. Rd2 c3 36. Re2 Rxf2 37. Rxf2 c2 38. Kh2 Bd6+ 0-1

[Event "Kuala Lumpur zt"]
[Site "Kuala Lumpur"]
[Date "1990.??.??"]
[Round "6"]
[White "Antonio, Rogelio Jr"]
[Black "Balinas, Rosendo Carrean"]
[Result "1-0"]
[WhiteElo "2440"]
[BlackElo "2405"]
[PlyCount "77"]
[EventDate "1990.02.26"]
[EventType "swiss"]
[EventRounds "11"]
[EventCountry "MAS"]
[SourceTitle "EXT 1997"]
[Source "ChessBase"]
[SourceDate "1996.11.15"]
[SourceVersion "1"]
[SourceVersionDate "1996.11.15"]
[SourceQuality "1"]

1. e4 e5 2. Nf3 Nc6 3. Bb5 a6 4. Ba4 Nf6 5. Nc3 d6 6. Bxc6+ bxc6 7. d4 exd4 8. Qxd4 Be7 9. b3 Nd7 10. Bb2 Bf6 11. Qe3 0-0 12. 0-0-0 Re8 13. Nd4 Bb7 14. Nf5 Nc5 15. Kb1 a5 16. a4 Bc8 17. Nd4 Bd7 18. f4 Qe7 19. Rhe1 Rab8 20. Qf3 Rb4 21. e5 dxe5 22. fxe5 Bxe5 23. Nxc6 Bxc6 24. Qxc6 Qf8 25. Rd5 Re6 26. Qxc5 Bd6 27. Qf2 Rf4 28. Qd2 Rxe1+ 29. Qxe1 Qa8 30. Rd2 h5 31. Nd5 Rg4 32. h3 Rg5 33. Qe4 Qd8 34. Ne3 Qd7 35. Nc4 f6 36. Rd5 Qc6 37. Qe6+ Kh8 38. Rxg5 fxg5 39. Qh6+ 1-0

[Event "New York op"]
[Site "New York"]
[Date "1989.??.??"]
[Round "4"]
[White "Ochoa de Echaguen, Francisco Javier"]
[Black "Balinas, Rosendo Carrean"]
[Result "1-0"]
[WhiteElo "2435"]
[BlackElo "2390"]
[PlyCount "73"]
[EventDate "1989.03.??"]
[EventType "swiss"]
[EventRounds "9"]
[EventCountry "USA"]
[SourceTitle "CBM 012"]
[Source "ChessBase"]
[SourceDate "1989.10.01"]
[SourceVersion "1"]
[SourceVersionDate "1989.10.01"]
[SourceQuality "1"]

1. e4 g6 2. d4 Bg7 3. Nc3 d6 4. Nf3 Nd7 5. Bc4 e6 6. Bg5 Ne7 7. Qd2 h6 8. Be3 a6 9. a4 c6 10. 0-0 b5 11. Be2 Bb7 12. Bf4 e5 13. dxe5 dxe5 14. Be3 b4 15. Na2 c5 16. c3 b3 17. Nc1 Qc7 18. Rd1 Nf6 19. Nxb3 Nxe4 20. Qe1 f5 21. Nfd2 Nxd2 22. Qxd2 c4 23. Nc5 Bd5 24. f3 0-0 25. b3 Rfd8 26. Qe1 cxb3 27. Nxa6 Rxa6 28. Bxa6 e4 29. Qf2 Qxc3 30. Rac1 Qf6 31. Bc4 b2 32. Rb1 exf3 33. Bc5 Bxc4 34. Rxd8+ Kh7 35. Bb4 Qg5 36. Bxe7 Qc1+ 37. Rd1 1-0

[Event "New York op"]
[Site "New York"]
[Date "1989.??.??"]
[Round "8"]
[White "Stefansson, Hannes"]
[Black "Balinas, Rosendo Carrean"]
[Result "1-0"]
[WhiteElo "2480"]
[BlackElo "2390"]
[PlyCount "75"]
[EventDate "1989.03.??"]
[EventType "swiss"]
[EventRounds "9"]
[EventCountry "USA"]
[SourceTitle "CBM 012"]
[Source "ChessBase"]
[SourceDate "1989.10.01"]
[SourceVersion "1"]
[SourceVersionDate "1989.10.01"]
[SourceQuality "1"]

1. e4 b6 2. d4 Bb7 3. Bd3 Nf6 4. Qe2 Nc6 5. c3 e5 6. Nf3 exd4 7. e5 Nd5 8. Be4 d3 9. Qxd3 Nde7 10. Bf4 h6 11. 0-0 g5 12. Bg3 Bg7 13. Nbd2 0-0 14. h4 f5 15. exf6 Bxf6 16. hxg5 hxg5 17. Bh7+ Kg7 18. Ne4 Ba6 19. Qxa6 Kxh7 20. Nfxg5+ Bxg5 21. Nxg5+ Kg6 22. Nh3 Rf5 23. Qc4 d5 24. Qg4+ Kf7 25. Ng5+ Kf6 26. Bh4 Qg8 27. Rae1 Rf8 28. Qg3 Rc8 29. Re6+ Qxe6 30. Nxe6+ Kxe6 31. Re1+ Kd7 32. Qe3 Re5 33. Qh3+ Kd6 34. Bg3 Rg8 35. Bxe5+ Nxe5 36. Qe3 N5g6 37. Qe6+ Kc5 38. Qd7 1-0

[Event "Jakarta zt"]
[Site "Jakarta"]
[Date "1987.??.??"]
[Round "?"]
[White "Adianto, Utut"]
[Black "Balinas, Rosendo Carrean"]
[Result "1-0"]
[WhiteElo "2480"]
[BlackElo "2380"]
[PlyCount "129"]
[EventDate "1987.03.??"]
[EventType "tourn"]
[EventRounds "9"]
[EventCountry "INA"]
[EventCategory "6"]
[SourceTitle "EXT 1997"]
[Source "ChessBase"]
[SourceDate "1996.11.15"]
[SourceVersion "1"]
[SourceVersionDate "1996.11.15"]
[SourceQuality "1"]

1. d4 Nf6 2. Nf3 d5 3. c4 c6 4. e3 Bg4 5. Nc3 e6 6. h3 Bh5 7. g4 Bg6 8. Ne5 Nbd7 9. h4 dxc4 10. Nxd7 Qxd7 11. h5 Bd3 12. Bxd3 cxd3 13. g5 Nd5 14. Qxd3 0-0-0 15. Bd2 Nxc3 16. bxc3 Be7 17. Rg1 e5 18. a4 Qe6 19. Qe4 exd4 20. Qxe6+ fxe6 21. cxd4 Rd5 22. f4 h6 23. gxh6 gxh6 24. Rg7 Rxh5 25. Ke2 Re8 26. Rh7 c5 27. dxc5 Bxc5 28. Rc1 Kb8 29. Bc3 b6 30. Be5+ Ka8 31. Kd3 Rd8+ 32. Ke4 Rh3 33. Rc3 a5 34. Bc7 Rg8 35. Rd3 Rh1 36. Bd6 Ra1 37. Bxc5 bxc5 38. Rxh6 Rxa4+ 39. Ke5 c4 40. Rc3 Rb4 41. Rxe6 Rb5+ 42. Kd4 Rd8+ 43. Kxc4 Rb4+ 44. Kc5 Kb7 45. Ra3 Rc8+ 46. Kd5 a4 47. Ke5 Rb3 48. Rxa4 Rxe3+ 49. Kf6 Rf3 50. Rb4+ Ka7 51. Re5 Ka6 52. f5 Rf8+ 53. Ke6 Re8+ 54. Kd5 Rf8 55. Ke4 Rf1 56. Rb3 Rh8 57. Re6+ Ka7 58. f6 Rh5 59. Rg3 Re1+ 60. Re3 Rf1 61. Kd4 Rhf5 62. Re7+ Kb8 63. Rf7 Rd1+ 64. Ke4 Rdd5 65. Re7 1-0

[Event "Jakarta zt"]
[Site "Jakarta"]
[Date "1987.??.??"]
[Round "?"]
[White "Balinas, Rosendo Carrean"]
[Black "Qi, Jingxuan"]
[Result "1-0"]
[WhiteElo "2380"]
[BlackElo "2490"]
[PlyCount "97"]
[EventDate "1987.03.??"]
[EventType "tourn"]
[EventRounds "9"]
[EventCountry "INA"]
[EventCategory "6"]
[SourceTitle "EXT 1997"]
[Source "ChessBase"]
[SourceDate "1996.11.15"]
[SourceVersion "1"]
[SourceVersionDate "1996.11.15"]
[SourceQuality "1"]

1. e4 c5 2. Ne2 e6 3. Nbc3 a6 4. g3 b5 5. Bg2 Bb7 6. 0-0 b4 7. Na4 Nf6 8. d3 d5 9. exd5 Bxd5 10. c4 bxc3 11. Nexc3 Bxg2 12. Kxg2 Be7 13. Be3 Nbd7 14. Rc1 0-0 15. Ne4 Rc8 16. Nxf6+ Nxf6 17. Qf3 Qa5 18. Rc4 Rfd8 19. Rfc1 Rxd3 20. Nxc5 Bxc5 21. Rxc5 Rxc5 22. Rxc5 Qxc5 23. Bxc5 Rxf3 24. Kxf3 Nd5 25. Ke4 f6 26. Kd4 Kf7 27. Ba7 Ke7 28. Kc5 Kd7 29. Bb6 h5 30. Ba5 g5 31. a4 g4 32. b4 Nc3 33. Kb6 Nxa4+ 34. Kxa6 f5 35. b5 Nc5+ 36. Kb6 Ne4 37. Bb4 Nxf2 38. Ka7 Nd3 39. Bd2 Ne5 40. Bf4 Nf7 41. b6 e5 42. b7 exf4 43. b8Q f3 44. Kb6 Ke6 45. Kc5 f2 46. Qb6+ Ke7 47. Qb7+ Ke6 48. Qa6+ Kd7 49. Kd5 1-0

[Event "Jakarta zt"]
[Site "Jakarta"]
[Date "1987.??.??"]
[Round "?"]
[White "Xu, Jun"]
[Black "Balinas, Rosendo Carrean"]
[Result "1-0"]
[WhiteElo "2495"]
[BlackElo "2380"]
[PlyCount "91"]
[EventDate "1987.03.??"]
[EventType "tourn"]
[EventRounds "9"]
[EventCountry "INA"]
[EventCategory "6"]
[SourceTitle "EXT 1997"]
[Source "ChessBase"]
[SourceDate "1996.11.15"]
[SourceVersion "1"]
[SourceVersionDate "1996.11.15"]
[SourceQuality "1"]

1. d4 Nf6 2. c4 e6 3. Nf3 b6 4. g3 Bb7 5. Bg2 Bb4+ 6. Bd2 Qe7 7. 0-0 Bxd2 8. Qxd2 0-0 9. Nc3 Ne4 10. Nxe4 Bxe4 11. Qf4 d5 12. Rac1 c5 13. dxc5 bxc5 14. cxd5 exd5 15. Qe5 Qd8 16. Rfd1 Nd7 17. Qd6 Rb8 18. b3 Rb6 19. Qf4 Ra6 20. Qd2 Qa5 21. Qxa5 Rxa5 22. Rd2 Re8 23. Ne1 Nf6 24. Nd3 Bxg2 25. Kxg2 Ne4 26. Rb2 d4 27. Rc4 g6 28. Kf1 Rb8 29. Rbc2 Nc3 30. Rxc5 Ra3 31. Nc1 Rb6 32. Rc4 Rba6 33. Rxd4 Nxa2 34. Nd3 Rxb3 35. Rc8+ Kg7 36. Rd7 Nb4 37. Ne5 Rf6 38. Rcc7 a5 39. Nxf7 Rb1+ 40. Kg2 a4 41. Ng5+ Kh6 42. Ne4 g5 43. Nxf6 a3 44. Ng4+ Kh5 45. Rxh7+ Kg6 46. Rh6+ 1-0